Culture générale - Quiz #25 - Statistiques

Statistiques générales
  • Ce quiz a été pris 64 099 fois
  • Le résultat moyen est 10 sur 20
Statistiques - réponses
Question Réponse % Correct
Quel pays est surnommé "Le pays du soleil levant" ? Le Japon
95%
Quel sprinter jamaicain est parfois surnommé "La foudre" ? Usain Bolt
84%
Quel mot commençant par E désigne un groupe d'abeilles ou plus généralement d'insectes ? Essaim
73%
Quel est le personnage principal de l'Odyssée ? Ulysse
73%
À quel pays appartient l'équipe de rugby des "Springboks" ? L'Afrique du Sud
68%
Quel type de poisson peut remonter les rivières sur plusieurs centaines de kilomètres pour pondre là où il est lui-même né ? Le saumon
65%
Quel poste occupe Harry Potter dans l'équipe de Quidditch de Gryffondor ? Attrapeur
60%
Quelle idéologie est symbolisée par un cercle contenant un A ? L'anarchisme
53%
Que deviendrait un octogénaire s'il survivait 10 ans de plus ? Un nonagénaire
52%
Quel est le premier pays dans l'ordre alphabétique ? L'Afghanistan
51%
De quel département les îles de Ré et d'Oléron font-elles partie ? La Charente-Maritime
41%
Quel mot français signifie "belle écriture" en grec ancien ? Calligraphie
38%
Lors de ses voyages en Indonésie, quels animaux Marco Polo a-t-il qualifié de "licornes [...] pas plus grandes qu'un éléphant" ? Des rhinocéros
38%
Quelle tortue ninja utilise des nunchakus ? Michelangelo
38%
Quel film détient le record d'entrées en France pour un film français ? Bienvenue chez les Ch'tis
37%
Qu'a-t-on enlevé à une personne ayant subi une néphrectomie ? Un rein
33%
De quel groupe Jim Morrison était-il le chanteur ? The Doors
31%
Quel grand fleuve a son delta situé dans le sud du Viêt Nam ? Le Mékong
29%
Quel genre de poème possède exactement 17 syllabes ? Un haïku
17%
Quel nom portait le Burkina Faso de1958 à 1984 ? Haute-Volta
14%
Aucun quiz correspondant
Distribution des résultats
% des personnes avec chaque résultat
Percentile par nombre de réponses
Votre historique - résultats
Vous n’avez pas pris ce quiz